Stocktaking of business integrity and anti-bribery legislation, policies and practices in twenty african countries OECD-AfDB joint initiative to support business integrity and anti-bribery efforts in Africa

Saved in:
Bibliographic Details
Format: Book
Language:English
Published: Paris OECD 2012
Subjects:
Tags: Add Tag
No Tags, Be the first to tag this record!

MARC

LEADER 00000nam a2200000 4500
001 0175887
005 20240315121307.9
020 |a 978-92-64-16952-4 
041 0 |a eng 
044 |a FR 
245 1 0 |a Stocktaking of business integrity and anti-bribery legislation, policies and practices in twenty african countries  |b OECD-AfDB joint initiative to support business integrity and anti-bribery efforts in Africa 
264 1 |a Paris  |b OECD  |c 2012 
300 |a 187 s. 
610 2 0 |a korupcia 
610 2 0 |a etika podnikateľská 
610 2 0 |a Afrika